000 00293nam a2200109Ia 4500
008 190216s9999||||xx |||||||||||||| ||und||
100 _aLenin V I
245 0 _a"Lenin Thiranjedutha Krithikal Vol I,Ii,Iii"
260 _bPrabhatham Printing &publishing Comp
650 _aMalayalam
942 _cBK
999 _c18864
_d18864